Statistics for U.S. Presidents with the Same Last Names

Click here to take the quiz!

General Stats

  • This quiz has been taken 58 times
  • The average score is 8 of 10

Answer Stats

SurnameAnswer% Correct
BushGeorge H.W.
96%
BushGeorge W.
96%
AdamsJohn Quincy
93%
AdamsJohn
91%
RooseveltFranklin D.
86%
RooseveltTheodore
84%
JohnsonLyndon B.
75%
JohnsonAndrew
67%
HarrisonWilliam Henry
63%
HarrisonBenjamin
61%

Score Distribution

Percentile by Number Answered

Percent of People with Each Score

Your Score History

You have not taken this quiz